000 01317nam a22003497a 4500
003 CHAP
005 20220817044401.0
008 101020s2008 mx a r 00010 spa d
010 _a99480
011 _a100452
035 _a111138
040 _cCHAP
090 _aTesis
100 1 _aTrujillo Flores, Gustavo
_9115402
245 1 0 _aCuantificación y cualificación de mastitis subclínica en un hato lechero de pardo suizo americano, con un manejo extencivo en Apango, Municipio de Cocula, Gerrero
_c/por Gustavo Trujillo Flores
260 _aCocula, Gro. :
_bEl autor,
_c2008
300 _aiii, 41 h. :
_bilus., cuadros. gráfs.
502 _aTesis (Ing. Agr. Zootecnista) -- CSAEGRO. Centro de Estudios Profesionales
590 _aALEPH
_b10
_c20130110
_lUCH01
_h1536
590 _aBATCH-UPD
_b10
_c20130110
_lUCH01
_h1225
590 _aBATCH-UPD
_b10
_c20130410
_lUCH01
_h0758
590 _aBATCH-UPD
_b10
_c20130914
_lUCH01
_h1518
590 _aCONVERSION
_b10
_c20130109
_lUCH01
_h1355
650 1 4 _aGanado lechero
_xGuerrero.
_945269
650 1 4 _aGanado lechero
_xPastoreo.
_945284
650 1 4 _aGanado Pardo Suizo.
650 1 4 _aMastitis.
_972847
650 1 4 _aPatología veterinaria.
_986194
901 _aBK
942 _cTESIS
949 _aTesis
_bBC
_cTES
_d33724002109397
_eTS1
_gDonaciØn
_h51151
_i111138
_sb
999 _c99480
_d99480